000 00277nam a2200097 4500
999 _c511944
_d511944
082 _aY26x54 In2n
100 _aIndia.Planning Commission
_912461
245 _aNational Mineral Policy: report of the High level Committee
260 _aNew Delhi
_bThe author
_c2006
300 _a208 p.